| 000 | 00286 a2200073 4500 | ||
|---|---|---|---|
| 245 | 0 |
_aZespół spalinowo-elektryczny 115 kVA Ganz-Jendrasik typ VI JmD 160 (Instr.Techn.Nr TS-521) / _cHołownia O.. |
|
| 710 | 2 |
_aInstytut Łączności. _eWydawca _4pbl |
|
| 260 |
_aWarszawa : _bIŁ, _c1954. |
||
| 300 |
_aIV, 47 s.; _c30 cm. |
||
| 999 |
_c14952 _d14952 |
||